Online
Catalog

Obras completas / (Record no. 6124)

MARC details
000 -CABECERA
campo de control de longitud fija 00759cam a2200193 a 4500
001 - NÚMERO DE CONTROL
campo de control 000006329
005 - FECHA Y HORA DE LA ÚLTIMA TRANSACCIÓN
campo de control 20200929153922.0
008 - DATOS DE LONGITUD FIJA--INFORMACIÓN GENERAL
campo de control de longitud fija 971219s1973 pr b s000 0 spa
040 ## - FUENTE DE LA CATALOGACIÓN
Centro catalogador/agencia de origen DO-SdBNP
Lengua de catalogación spa
Centro/agencia transcriptor BNPHU
082 ## - NÚMERO DE LA CLASIFICACIÓN DECIMAL DEWEY
Número de clasificación PR861.4408
Número de documento/Ítem L792ó
100 1# - ENTRADA PRINCIPAL--NOMBRE DE PERSONA
Nombre de persona Llorens Torres, Luis,
Fechas asociadas al nombre 1876-1944.
9 (RLIN) 4234
245 10 - MENCIÓN DE TÍTULO
Título Obras completas /
Mención de responsabilidad, etc. Luis Llorens Torres.
260 ## - PUBLICACIÓN, DISTRIBUCIÓN, ETC.
Lugar de publicación, distribución, etc. San Juan, Puerto Rico :
Nombre del editor, distribuidor, etc. Instituto de Cultura Puertorriqueña,
Fecha de publicación, distribución, etc. 1973.
300 ## - DESCRIPCIÓN FÍSICA
Extensión v. ;
Dimensiones 23 cm.
505 1# - NOTA DE CONTENIDO CON FORMATO
Nota de contenido con formato Vol. 1 Poesía : Al pie de la alhambra. Sonetos sinfónicos. Voces de la campana mayor. alturas de América.
500 ## - NOTA GENERAL
Nota general La biblioteca sólo posee el volumen 1.
650 #4 - PUNTO DE ACCESO ADICIONAL DE MATERIA--TÉRMINO DE MATERIA
Término de materia o nombre geográfico como elemento de entrada Poesía puertorriqueña
Subdivisión general Colecciones
9 (RLIN) 8932
650 #4 - PUNTO DE ACCESO ADICIONAL DE MATERIA--TÉRMINO DE MATERIA
Término de materia o nombre geográfico como elemento de entrada Literatura puertorriqueña
Subdivisión general Colecciones
9 (RLIN) 17643
Holdings
Estado de retiro Estado de pérdida Restricciones de uso No para préstamo Código de colección Localización permanente Ubicación/localización actual Ubicación en estantería Fecha de adquisición Número de inventario Total de préstamos Signatura topográfica completa Código de barras Fecha visto por última vez Precio válido a partir de Tipo de ítem Koha
    Préstamo interno   Monografías: Libros y Folletos General General En catalogación 27.08.2009 LF1   v.1 6329-10 25.06.2020 25.06.2020 Préstamo interno

Powered by Koha